LEC and EULCS - Top 4 Every Split - Statistiken

Allgemein
  • Dieses Quiz wurde 142 mal gespielt
    21 seit der letzten Aktualisierung
  • Das Durchschnittsergebnis liegt bei 78 aus 100
Antwortstatistiken
Split and Placement Organization % Korrekt
1. Spring 2013 | 1. Spring 2014 | 1. Spring 2015 | +18 others FNATIC
94%
1. Spring 2016 | 1. Spring 2017 | 1. Spring 2019 | +15 others G2 Esports
94%
2. Winter 2024 MAD Lions KOI
94%
1. Spring 2021 | 1. Spring 2023 | 1. Summer 2021 | +3 others MAD Lions
82%
4. Summer 2020 ⁠MAD Lions
82%
1. Summer 2022 | 2. Spring 2021 | 2. Spring 2022 | +3 others Rogue
82%
2. Summer 2018 | 3. Summer 2019 | 4. Spring 2021 Schalke 04
82%
2. Spring 2014 | 3. Summer 2014 | 4. Spring 2013 | +2 others SK Gaming
82%
2. Spring 2023 | 3. Spring 2024 | 3. Winter 2024 Team BDS
82%
2. Spring 2016 | 2. Spring 2019 | 2. Summer 2015 | 4. Spring 2020 Origen
76%
3. Winter 2023 KOI
71%
2. Spring 2015 | 2. Spring 2017 | 4. Summer 2016 Unicorns of Love
71%
4. Summer 2015 ⁠Unicorns of Love
71%
4. Summer 2023 Team Heretics
65%
3. Spring 2023 | 3. Summer 2018 | 4. Spring 2018 | 4. Spring 2024 Team Vitality
65%
3. Summer 2023 Excel
59%
1. Summer 2014 | 4. Spring 2014 Alliance
53%
2. Summer 2017 | 4. Spring 2017 | 4. Spring 2022 | 4. Summer 2018 Misfits Gaming
53%
2. Summer 2016 | 3. Spring 2018 | 4. Spring 2019 Splyce
53%
2. Spring 2013 | 3. Summer 2013 Gambit Gaming
47%
3. Spring 2015 | 3. Summer 2015 | 3. Summer 2016 | +2 others H2k-Gaming
47%
3. Spring 2014 | 4. Summer 2014 Team ROCCAT
47%
3. Spring 2013 | 4. Summer 2013 Evil Geniuses
35%
2. Summer 2013 Lemondogs
24%
Keine übereinstimmenden Quizze gefunden
Verteilung der Resultate
Anzahl Personen mit jedem Resultat
Perzentil nach korrekt beantworteten Fragen
Ihre Resultats-Entwicklung
Sie haben dieses Quiz seit der letzten Aktualisierung nicht gespielt